<?xml version="1.0" encoding="UTF-8"?>
<record
    xmlns:xsi="http://www.w3.org/2001/XMLSchema-instance"
    xsi:schemaLocation="http://www.loc.gov/MARC21/slim http://www.loc.gov/standards/marcxml/schema/MARC21slim.xsd"
    xmlns="http://www.loc.gov/MARC21/slim">

  <leader>00577nam a22001577a 4500</leader>
  <controlfield tag="003">OSt</controlfield>
  <controlfield tag="005">20151208141625.0</controlfield>
  <controlfield tag="008">151204b        xxu||||| |||| 00| 0 eng d</controlfield>
  <datafield tag="040" ind1=" " ind2=" ">
    <subfield code="c">RUA</subfield>
  </datafield>
  <datafield tag="082" ind1=" " ind2=" ">
    <subfield code="a">FIS CHH 2003 B187 Or.1</subfield>
  </datafield>
  <datafield tag="100" ind1=" " ind2=" ">
    <subfield code="9">4308</subfield>
    <subfield code="a">CHHEL, PHALLA.</subfield>
  </datafield>
  <datafield tag="245" ind1=" " ind2=" ">
    <subfield code="a">Potential for natural resource management by community fisherirs, &#x179F;&#x1780;&#x17D2;&#x178A;&#x17B6;&#x1793;&#x17BB;&#x1796;&#x179B;&#x1793;&#x17C3;&#x1780;&#x17B6;&#x179A;&#x1782;&#x17D2;&#x179A;&#x1794;&#x17CB;&#x1782;&#x17D2;&#x179A;&#x1784;&#x1792;&#x1793;&#x1792;&#x17B6;&#x1793;&#x1792;&#x1798;&#x17D2;&#x1798;&#x1787;&#x17B6;&#x178F;&#x17B7;&#x178A;&#x17C4;&#x1799;&#x179F;&#x17A0;&#x1782;&#x1798;&#x1793;&#x17CD;&#x1793;&#x17C1;&#x179F;&#x17B6;&#x1791;</subfield>
  </datafield>
  <datafield tag="260" ind1=" " ind2=" ">
    <subfield code="a">Phnom Penh</subfield>
    <subfield code="b">RUA</subfield>
    <subfield code="c">2003</subfield>
  </datafield>
  <datafield tag="300" ind1=" " ind2=" ">
    <subfield code="a">62p.</subfield>
    <subfield code="b">ill.</subfield>
    <subfield code="c">29cm.</subfield>
  </datafield>
  <datafield tag="942" ind1=" " ind2=" ">
    <subfield code="2">ddc</subfield>
    <subfield code="c">FIS</subfield>
  </datafield>
  <datafield tag="999" ind1=" " ind2=" ">
    <subfield code="c">4021</subfield>
    <subfield code="d">4021</subfield>
  </datafield>
  <datafield tag="952" ind1=" " ind2=" ">
    <subfield code="0">0</subfield>
    <subfield code="1">0</subfield>
    <subfield code="2">ddc</subfield>
    <subfield code="4">0</subfield>
    <subfield code="6">FIS_CHH_2003_000000000000000_B187_OR_1</subfield>
    <subfield code="7">0</subfield>
    <subfield code="9">20364</subfield>
    <subfield code="a">LBB</subfield>
    <subfield code="b">LBB</subfield>
    <subfield code="c">B187</subfield>
    <subfield code="d">2015-12-04</subfield>
    <subfield code="l">1</subfield>
    <subfield code="o">FIS CHH 2003 B187 Or.1</subfield>
    <subfield code="p">RUA026653</subfield>
    <subfield code="r">2017-01-17</subfield>
    <subfield code="s">2016-12-02</subfield>
    <subfield code="w">2015-12-04</subfield>
    <subfield code="y">FIS</subfield>
  </datafield>
  <datafield tag="952" ind1=" " ind2=" ">
    <subfield code="0">0</subfield>
    <subfield code="1">0</subfield>
    <subfield code="2">ddc</subfield>
    <subfield code="4">0</subfield>
    <subfield code="6">FIS_CHH_2003_000000000000000_B187_OR_2</subfield>
    <subfield code="7">0</subfield>
    <subfield code="9">20365</subfield>
    <subfield code="a">LBB</subfield>
    <subfield code="b">LBB</subfield>
    <subfield code="c">B187</subfield>
    <subfield code="d">2015-12-04</subfield>
    <subfield code="o">FIS CHH 2003 B187 Or.2</subfield>
    <subfield code="p">RUA010798</subfield>
    <subfield code="r">2015-12-04</subfield>
    <subfield code="w">2015-12-04</subfield>
    <subfield code="y">FIS</subfield>
  </datafield>
  <datafield tag="952" ind1=" " ind2=" ">
    <subfield code="0">0</subfield>
    <subfield code="1">0</subfield>
    <subfield code="2">ddc</subfield>
    <subfield code="4">0</subfield>
    <subfield code="6">FIS_CHH_2003_000000000000000_B187_OR_3</subfield>
    <subfield code="7">0</subfield>
    <subfield code="9">20576</subfield>
    <subfield code="a">LBB</subfield>
    <subfield code="b">LBB</subfield>
    <subfield code="c">B187</subfield>
    <subfield code="d">2015-12-05</subfield>
    <subfield code="l">2</subfield>
    <subfield code="o">FIS CHH 2003 B187 Or.3</subfield>
    <subfield code="p">RUA036972</subfield>
    <subfield code="r">2023-05-26</subfield>
    <subfield code="s">2023-04-28</subfield>
    <subfield code="w">2015-12-05</subfield>
    <subfield code="y">FIS</subfield>
  </datafield>
  <datafield tag="952" ind1=" " ind2=" ">
    <subfield code="0">0</subfield>
    <subfield code="1">0</subfield>
    <subfield code="2">ddc</subfield>
    <subfield code="4">0</subfield>
    <subfield code="6">FIS_CHH_2003_000000000000000_B187_OR_4</subfield>
    <subfield code="7">0</subfield>
    <subfield code="9">20577</subfield>
    <subfield code="a">LBB</subfield>
    <subfield code="b">LBB</subfield>
    <subfield code="c">B187</subfield>
    <subfield code="d">2015-12-05</subfield>
    <subfield code="l">1</subfield>
    <subfield code="o">FIS CHH 2003 B187 Or.4</subfield>
    <subfield code="p">RUA035136</subfield>
    <subfield code="r">2023-03-14</subfield>
    <subfield code="s">2023-02-13</subfield>
    <subfield code="w">2015-12-05</subfield>
    <subfield code="y">FIS</subfield>
  </datafield>
  <datafield tag="952" ind1=" " ind2=" ">
    <subfield code="0">0</subfield>
    <subfield code="1">0</subfield>
    <subfield code="2">ddc</subfield>
    <subfield code="4">0</subfield>
    <subfield code="6">FIS_CHH_2003_000000000000000_B187_OR_5</subfield>
    <subfield code="7">0</subfield>
    <subfield code="9">20578</subfield>
    <subfield code="a">LBB</subfield>
    <subfield code="b">LBB</subfield>
    <subfield code="c">B187</subfield>
    <subfield code="d">2015-12-05</subfield>
    <subfield code="l">3</subfield>
    <subfield code="m">2</subfield>
    <subfield code="o">FIS CHH 2003 B187 Or.5</subfield>
    <subfield code="p">RUA036764</subfield>
    <subfield code="r">2017-07-31</subfield>
    <subfield code="s">2017-02-03</subfield>
    <subfield code="w">2015-12-05</subfield>
    <subfield code="y">FIS</subfield>
  </datafield>
  <datafield tag="952" ind1=" " ind2=" ">
    <subfield code="0">0</subfield>
    <subfield code="1">0</subfield>
    <subfield code="2">ddc</subfield>
    <subfield code="4">0</subfield>
    <subfield code="6">FIS_CHH_2003_000000000000000_B187_OR_6</subfield>
    <subfield code="7">0</subfield>
    <subfield code="9">20601</subfield>
    <subfield code="a">LBB</subfield>
    <subfield code="b">LBB</subfield>
    <subfield code="c">B187</subfield>
    <subfield code="d">2015-12-05</subfield>
    <subfield code="l">1</subfield>
    <subfield code="o">FIS CHH 2003 B187 Or.6</subfield>
    <subfield code="p">RUA037522</subfield>
    <subfield code="r">2019-07-22</subfield>
    <subfield code="s">2019-07-10</subfield>
    <subfield code="w">2015-12-05</subfield>
    <subfield code="y">FIS</subfield>
  </datafield>
  <datafield tag="952" ind1=" " ind2=" ">
    <subfield code="0">0</subfield>
    <subfield code="1">0</subfield>
    <subfield code="2">ddc</subfield>
    <subfield code="4">0</subfield>
    <subfield code="6">FIS_CHH_2003_000000000000000_B187_OR_7</subfield>
    <subfield code="7">0</subfield>
    <subfield code="9">20602</subfield>
    <subfield code="a">LBB</subfield>
    <subfield code="b">LBB</subfield>
    <subfield code="c">B187</subfield>
    <subfield code="d">2015-12-05</subfield>
    <subfield code="l">2</subfield>
    <subfield code="m">1</subfield>
    <subfield code="o">FIS CHH 2003 B187 Or.7</subfield>
    <subfield code="p">RUA035260</subfield>
    <subfield code="r">2017-02-03</subfield>
    <subfield code="s">2017-01-03</subfield>
    <subfield code="w">2015-12-05</subfield>
    <subfield code="y">FIS</subfield>
  </datafield>
</record>
